Регионална библиотека "Любен Каравелов" - Русе

Лили (Запис номер 19656)

MARC детайли
000 -Лидер
Контролно поле с фиксирана дължина 01208nam a2200313 c 4500
003 - Код на организацията, давaща контролен номер
Контролно поле BLK
005 - Дата и час на последна редакция
Контролно поле 20180422095059.0
008 - Елементи от данни с фиксирана дължина
fixed length control field 180413b bul|||||r ||||||| ||bul||
010 ## - Наследен системен номер
LC control number KNG00021805000
020 ## - Международен стандартен номер на книга ISBN
Международен стандартен номер на книга ISBN 954-19-0029-1
-- издат.: Торнадо
040 ## - Източник на каталожния запис
Идентификатор на билиотеката - собственик на записа BLK
041 ## - Код за език
Код за езика на текст/звукозапис или на отделно заглавие Български
Код за езика КДБФ Български
080 ## - УДК
Текстов определител УДК Американска литература (на САЩ)
УДК код - определител по УДК 821.111(73)
УДК определител -31
УДК - код + определител 821.111(73)-31
100 1# - Редна дума - Автор
Автор Грийнууд, Лей
Авторска отговорност първи автор
R(LIN) 56371
139 ## - Редно поле
Редна дума Грийнууд, Лей
Авторски знак Григ - Г 82
245 10 - Сведения за заглавието
Заглавие Лили
Подзаглавни данни Роман
Редно поле (дума) Лей Грийнууд; прев. от англ. Николай Долчинков.
257 ## - Страна на издаване
Страна на създаване/издаване Съединени американски щати
260 ## - Област на издателските данни
-- Габрово
Име на издателя, разпространителя и проч. Торнадо
Година на издаване 1998
Печатница В. Търново : Абагар
300 ## - Физическа характеристика
Страници 320 с.
Размери/Мащаб 20 см
380 ## - Жанр
Жанр Худож. лит.
490 1# - СЕРИИ (Колекции)
Име на серия Седем невести за седмина братя
500 ## - Общи забележки
Забележка Ориг. загл. Lili / Leigh Greenwood. - Офс. изд. - 2 300 тир.
700 1# - Други автори (авторска отговорност)
Лично име Долчинков, Николай
Автороска отговорност (Описва отношението между автора и произведението) прев. от англ.
9 (RLIN) 363961
852 ## - Местоположение
Форматна сигнатура Цб 196610
856 4# - Електронен адрес и достъп
Електронен формат pdf - файл
Път до файла /url/
856 4# - Електронен адрес и достъп
Електронен формат pdf - файл
Път до файла /url/
942 ## - АРТИКУЛИ
Вид на библиотечния материал Книги
Скрит в OPAC Не
944 ## - СЪЗДАВАНЕ И РЕДАКЦИЯ на ЗАПИСА
Създаване/Редакция Създаване
Дата на регистрацията/редакция 19.06.2003
Служител, извършил регистрацията/редакцията Геновева_Генчева
944 ## - СЪЗДАВАНЕ И РЕДАКЦИЯ на ЗАПИСА
Създаване/Редакция Редакция
Дата на регистрацията/редакция 12.07.2005
Служител, извършил регистрацията/редакцията
999 ## - СИСТЕМНИ КОНТРОЛНИ НОМЕРА
Koha biblionumber 19656
Koha biblioitemnumber 19656
Наличности
Код за отписване Код за изгубен артикул Източник на класификационната схема Код за повреда Коз за рестрикции Код за отдаване Артикулен № Име на библиотеката - собственик Име на библиотеката, в която се намира в момента Статус (Текущо местоположение) Дата на вписване в системата Местоположение - отдел Цена в лева Инвентарен номер Систематично азбучна сигнатура Баркод Номер на екземпляра Цена в евро Служебна бележка Служебен тип на артикула
  Не е изгубен Universal Decimal Classification Не е повреден без рестрикции ползва се в читалня 32748 Регионална библиотека "Любен Каравелов" Русе Регионална библиотека "Любен Каравелов" Русе Хранилище 2001-01-01 Хранилище 3.00 640045 Цб 196610 120000640045 1 1.53 Дост: Dp Вид: Д N: 16 Дата: 01.01.1998 Книги
Vip Innovations Ltd, Rousse, Bulgaria 2025